| 000 | 00531nam a22001937a 4500 | ||
|---|---|---|---|
| 999 |
_c9749 _d9749 |
||
| 003 | GBCCL | ||
| 005 | 20241126110718.0 | ||
| 008 | 230629b ||||| |||| 00| 0 eng d | ||
| 020 | _a9781628623550 | ||
| 020 | _a9781628623567 | ||
| 040 | _cgbc | ||
| 082 |
_a220.61 _bHUD |
||
| 100 |
_aHudson, Christopher D _916934 |
||
| 245 |
_aSelf guided tour of the Bible / _cChristopher D Hudson |
||
| 260 |
_aCarson, California : _bRose Publishing, _c2016 |
||
| 300 | _a239p. ; | ||
| 650 |
_aBible _vintroductions _97151 |
||
| 942 |
_2ddc _cREF |
||